<?xml version="1.0" encoding="UTF-8"?><?xml-stylesheet type="text/xsl" href="static/style.xsl"?><OAI-PMH xmlns="http://www.openarchives.org/OAI/2.0/" xmlns:xsi="http://www.w3.org/2001/XMLSchema-instance" xsi:schemaLocation="http://www.openarchives.org/OAI/2.0/ http://www.openarchives.org/OAI/2.0/OAI-PMH.xsd"><responseDate>2026-06-07T07:13:42Z</responseDate><request verb="GetRecord" identifier="oai:riuma.uma.es:10630/32481" metadataPrefix="marc">https://riuma.uma.es/rest/oai/request</request><GetRecord><record><header><identifier>oai:riuma.uma.es:10630/32481</identifier><datestamp>2026-02-03T12:21:30Z</datestamp><setSpec>com_10630_2254</setSpec><setSpec>col_10630_37959</setSpec></header><metadata><record xmlns="http://www.loc.gov/MARC21/slim" xmlns:dcterms="http://purl.org/dc/terms/" xmlns:doc="http://www.lyncode.com/xoai" xmlns:xsi="http://www.w3.org/2001/XMLSchema-instance" xsi:schemaLocation="http://www.loc.gov/MARC21/slim http://www.loc.gov/standards/marcxml/schema/MARC21slim.xsd">
   <leader>00925njm 22002777a 4500</leader>
   <datafield ind2=" " ind1=" " tag="042">
      <subfield code="a">dc</subfield>
   </datafield>
   <datafield ind2=" " ind1=" " tag="720">
      <subfield code="a">Collado-Campaña, Francisco</subfield>
      <subfield code="e">author</subfield>
   </datafield>
   <datafield ind2=" " ind1=" " tag="720">
      <subfield code="a">Valencia-Sáiz, Ángel</subfield>
      <subfield code="e">author</subfield>
   </datafield>
   <datafield ind2=" " ind1=" " tag="260">
      <subfield code="c">2024</subfield>
   </datafield>
   <datafield ind2=" " ind1=" " tag="520">
      <subfield code="a">Esta investigación explora los procesos de construcción del liderazgo y la carrera política de los alcaldes de las capitales de provincia de Andalucía entre 2015 y 2023. Este análisis mantiene el enfoque del constructivismo estructuralista aplicado al estudio de los líderes con especial atención en el análisis de cuatro elementos fundamentales en sus estrategias políticas: el habitus, como esquema estructurante estructurado generador de sentido político; el marco primario, como constructo expresivo de la visión política presente en la agenda local; los campos, como espacios de competencia interpersonal por instrumentos políticos, y los capitales políticos, como recursos para el fortalecimiento de su posición de dominio y el mantenimiento de su carrera política. Siguiendo esta lógica, reconstruimos relatos biográficos de cada uno de los alcaldes para analizar estos elementos a través de su socialización, legitimación y/o institucionalización política (esta última en los casos de consolidación del líder/feudalización del municipio). De esta forma, se actualiza la investigación desarrollada anteriormente con los alcaldes andaluces en el período previo al aquí tratado para mantener el debate teórico-empírico y aportar nuevas reflexiones sobre estos agentes políticos.</subfield>
   </datafield>
   <datafield ind1="8" ind2=" " tag="024">
      <subfield code="a">Collado, F. y Valencia, A. (2024). "La construcción del liderazgo de los alcaldes en las capitales de provincia en Andalucía desde el auge al ocaso de la nueva política". XVII Congreso Español de Ciencia Política y de la Administración. Burgos. Ponencia pronunciada 22/7/2024.</subfield>
   </datafield>
   <datafield ind1="8" ind2=" " tag="024">
      <subfield code="a">https://hdl.handle.net/10630/32481</subfield>
   </datafield>
   <datafield tag="653" ind2=" " ind1=" ">
      <subfield code="a">Política</subfield>
   </datafield>
   <datafield tag="653" ind2=" " ind1=" ">
      <subfield code="a">Andalucía - Política y gobierno</subfield>
   </datafield>
   <datafield ind2="0" ind1="0" tag="245">
      <subfield code="a">La construcción del liderazgo de los alcaldes en las capitales de provincia en Andalucía desde el auge al ocaso de la nueva política.</subfield>
   </datafield>
</record>
</metadata></record></GetRecord></OAI-PMH>